<?xml version="1.0" encoding="UTF-8"?>
<record
    xmlns:xsi="http://www.w3.org/2001/XMLSchema-instance"
    xsi:schemaLocation="http://www.loc.gov/MARC21/slim http://www.loc.gov/standards/marcxml/schema/MARC21slim.xsd"
    xmlns="http://www.loc.gov/MARC21/slim">

  <leader>02102nam a22003377a 4500</leader>
  <controlfield tag="003">DO-SdBNP</controlfield>
  <controlfield tag="005">20241010113235.0</controlfield>
  <controlfield tag="007">ta</controlfield>
  <controlfield tag="008">220201b202?       a|||| |||| 001 0 spa d</controlfield>
  <datafield tag="020" ind1=" " ind2=" ">
    <subfield code="a">9789945169591</subfield>
  </datafield>
  <datafield tag="040" ind1=" " ind2=" ">
    <subfield code="a">DO-SdBNP</subfield>
    <subfield code="b">spa</subfield>
    <subfield code="c">BNPHU</subfield>
  </datafield>
  <datafield tag="082" ind1="4" ind2=" ">
    <subfield code="2">22</subfield>
    <subfield code="a">371.102</subfield>
    <subfield code="b">T683d</subfield>
  </datafield>
  <datafield tag="100" ind1="1" ind2="0">
    <subfield code="a">Toribio Campo, Yosiris</subfield>
    <subfield code="9">81082</subfield>
  </datafield>
  <datafield tag="245" ind1="1" ind2="0">
    <subfield code="a">Did&#xE1;ctica de la lectura y la escritura : </subfield>
    <subfield code="c">enfoques y propuestas /</subfield>
    <subfield code="b">Yosiris Toribio Campo</subfield>
  </datafield>
  <datafield tag="260" ind1=" " ind2=" ">
    <subfield code="a">[Santo Domingo] :</subfield>
    <subfield code="b">Fundaci&#xF3;n sm , </subfield>
    <subfield code="b">ISFODOSU,</subfield>
    <subfield code="c">[20--?].</subfield>
  </datafield>
  <datafield tag="300" ind1=" " ind2=" ">
    <subfield code="a">138 p. : </subfield>
    <subfield code="b">il. ; </subfield>
    <subfield code="c">23 cm</subfield>
  </datafield>
  <datafield tag="504" ind1=" " ind2=" ">
    <subfield code="a">Bibliograf&#xED;a : p. 135-138.</subfield>
  </datafield>
  <datafield tag="505" ind1=" " ind2=" ">
    <subfield code="a">Cap&#xED;tulo I.  Enfoques y m&#xE9;todos de alfabetizaci&#xF3;n. </subfield>
    <subfield code="t">Normativa en Rep&#xFA;blica Dominicana y recorrido hist&#xF3;rico --</subfield>
    <subfield code="t">El enfoque directo y sus m&#xE9;todos --</subfield>
    <subfield code="t">El enfoque del lenguaje integral y sus m&#xE9;todos --</subfield>
    <subfield code="t">El constructivismo y sus aportes a la alfabetizaci&#xF3;n --</subfield>
    <subfield code="t">Actividades --</subfield>
  </datafield>
  <datafield tag="505" ind1=" " ind2=" ">
    <subfield code="a">Cap&#xED;tulo II. Las hip&#xF3;tesis de la escritura  : implificaciones pedag&#xF3;gicas.</subfield>
    <subfield code="t">Hip&#xF3;tesis de escritura y niveles progresivos de adquisici&#xF3;n --</subfield>
    <subfield code="t">Secuencia de actividades para propiciar el desarrollo de la conciencia fonol&#xF3;gica --</subfield>
    <subfield code="t">Actividades.</subfield>
  </datafield>
  <datafield tag="505" ind1=" " ind2=" ">
    <subfield code="a">Cap&#xED;tulo III. Ense&#xF1;anza diferenciada.</subfield>
    <subfield code="t">La ense&#xF1;anza diferenciada  : concepto --</subfield>
    <subfield code="t">Caracter&#xED;sticas de un aula diferenciada --</subfield>
    <subfield code="t">Intervenciones &#xE1;ulicas para trabajar ense&#xF1;anza diferenciada --</subfield>
    <subfield code="t">El rol del docente en una ense&#xF1;anza diferenciadora --</subfield>
    <subfield code="t">Actividades --</subfield>
  </datafield>
  <datafield tag="505" ind1=" " ind2=" ">
    <subfield code="a">Cap&#xED;tulo IV. Ambiente alfabetizador.</subfield>
    <subfield code="t">El ambiente y la alfabetizaci&#xF3;n --</subfield>
    <subfield code="t"> El ambiente letrado --</subfield>
    <subfield code="t">C&#xF3;mo lograr un ambiente letrado --</subfield>
    <subfield code="t">Uso de los recursos --</subfield>
    <subfield code="t">Actividades --</subfield>
  </datafield>
  <datafield tag="505" ind1=" " ind2=" ">
    <subfield code="a"> Cap&#xED;tulo V. Intervenciones  Pedag&#xF3;gicas en los procesos de alfabetizaci&#xF3;n. 
</subfield>
    <subfield code="t">Actividades para la alfabetizaci&#xF3;n -- </subfield>
    <subfield code="t">Manejo del error --</subfield>
    <subfield code="t">Actividades --
</subfield>
  </datafield>
  <datafield tag="590" ind1=" " ind2=" ">
    <subfield code="a">Inventariado, 2022 / SA</subfield>
  </datafield>
  <datafield tag="650" ind1="4" ind2="0">
    <subfield code="a">M&#xE9;todos de  ense&#xF1;anza</subfield>
    <subfield code="9">2196</subfield>
  </datafield>
  <datafield tag="650" ind1="4" ind2="0">
    <subfield code="a">Alfabetizaci&#xF3;n (Educaci&#xF3;n)</subfield>
    <subfield code="9">77100</subfield>
  </datafield>
  <datafield tag="650" ind1="4" ind2="0">
    <subfield code="a">Lectura</subfield>
    <subfield code="x">Ense&#xF1;anza</subfield>
    <subfield code="9">19031</subfield>
  </datafield>
  <datafield tag="650" ind1="4" ind2="0">
    <subfield code="a">Escritura</subfield>
    <subfield code="x">ense&#xF1;anza</subfield>
    <subfield code="9">7918</subfield>
  </datafield>
  <datafield tag="650" ind1="4" ind2="0">
    <subfield code="a">Pedagog&#xED;a</subfield>
    <subfield code="9">693</subfield>
  </datafield>
  <datafield tag="910" ind1=" " ind2=" ">
    <subfield code="a">Saquino</subfield>
  </datafield>
  <datafield tag="942" ind1=" " ind2=" ">
    <subfield code="2">ddc</subfield>
    <subfield code="c">LBS1</subfield>
  </datafield>
  <datafield tag="952" ind1=" " ind2=" ">
    <subfield code="0">0</subfield>
    <subfield code="1">0</subfield>
    <subfield code="2">ddc</subfield>
    <subfield code="7">0</subfield>
    <subfield code="8">MO</subfield>
    <subfield code="a">BNPHU</subfield>
    <subfield code="b">PD</subfield>
    <subfield code="c">CT</subfield>
    <subfield code="d">2019-07-04</subfield>
    <subfield code="e">Deposito Legal</subfield>
    <subfield code="l">0</subfield>
    <subfield code="o">BNPHU PD 371.102 T683d</subfield>
    <subfield code="p">2022-0449</subfield>
    <subfield code="r">2022-02-01</subfield>
    <subfield code="w">2022-02-01</subfield>
    <subfield code="y">LBS1</subfield>
    <subfield code="z">S/A</subfield>
  </datafield>
  <datafield tag="952" ind1=" " ind2=" ">
    <subfield code="0">0</subfield>
    <subfield code="1">0</subfield>
    <subfield code="2">ddc</subfield>
    <subfield code="5">1</subfield>
    <subfield code="7">0</subfield>
    <subfield code="8">MO</subfield>
    <subfield code="a">BNPHU</subfield>
    <subfield code="b">PD</subfield>
    <subfield code="c">CT</subfield>
    <subfield code="d">2019-07-04</subfield>
    <subfield code="e">Deposito Legal</subfield>
    <subfield code="l">0</subfield>
    <subfield code="o">BNPHU PD 371.102 T683d</subfield>
    <subfield code="p">2022-0450</subfield>
    <subfield code="r">2022-02-01</subfield>
    <subfield code="t">e.2</subfield>
    <subfield code="w">2022-02-01</subfield>
    <subfield code="y">LBS1</subfield>
    <subfield code="z">S/A</subfield>
  </datafield>
  <datafield tag="952" ind1=" " ind2=" ">
    <subfield code="0">0</subfield>
    <subfield code="1">0</subfield>
    <subfield code="2">ddc</subfield>
    <subfield code="7">5</subfield>
    <subfield code="8">MO</subfield>
    <subfield code="a">BNPHU</subfield>
    <subfield code="b">DO</subfield>
    <subfield code="c">CT</subfield>
    <subfield code="d">2019-07-04</subfield>
    <subfield code="e">Deposito Legal</subfield>
    <subfield code="l">0</subfield>
    <subfield code="o">BNPHU DS 371.102 T683d</subfield>
    <subfield code="p">2022-0451</subfield>
    <subfield code="r">2022-02-01</subfield>
    <subfield code="t">e.3</subfield>
    <subfield code="w">2022-02-01</subfield>
    <subfield code="y">LBS1</subfield>
    <subfield code="z">S/A</subfield>
  </datafield>
  <datafield tag="999" ind1=" " ind2=" ">
    <subfield code="c">51292</subfield>
    <subfield code="d">51292</subfield>
  </datafield>
</record>
